Представление документа в формате RUSMARC

ПолеНазваниеЗначение
  Тип записи a
  Библиографический уровень m
001 Контрольный номер RU/УОНБ/EK/521742845
005 Дата корректировки 20250520121946.9
010 Индекс ISBN __
a ISBN 978-5-235-03859-2
d Цена 481 р. 58 к.
9 Тираж 6000 экз.
b Уточнения в пер.
100 Данные общей обработки __
a Данные общей обработки 20151222d2015 u y0rusy0189||||ca
101 Язык документа 0_
a Язык текста rus
102 Страна публикации __
a Страна публикации RU
105 Кодированные данные (монография) __
a Кодированные данные (монография) a z 001yd
200 Заглавие и сведения об ответственности 1_
a Заглавие Непохожие поэты
e Сведения, относящиеся к заглавию Анатолий Мариенгоф, Борис Корнилов, Владимир Луговской
e Сведения, относящиеся к заглавию трагедии и судьбы большевистской эпохи
f Первые сведения об ответственности З. Прилепин
210 Выходные данные 1_
d Дата издания 2015
a Место издания Москва
c Издательство Мол. гвардия
215 Физическое описание __
a Объем 373 с.
c Иллюстрации/тип воспроизводства ил., 12 л. фот.
d Формат 21 см
225 Серия 1_
a Серия Жизнь замечательных людей
e Сведения, относящиеся к заглавию серии сер. биогр.
f Сведения об ответственности осн. в 1890 г. Ф. Павленковым и продолж. в 1933 г. М. Горьким
v Обозначение тома вып. 1764 (1564)
300 Общие примечания __
a Общие примечания 16+
320 Библиография __
a Библиография Библиогр.: с. 369-371
333 Примечание о целевом назначении __
a Примечание о целевом назначении 16+
464 Аналитический уровень _1
1 2001
a "В то время лиры пели, как гроза..."
e жизнь и строфы Анатолия Мариенгофа
a "Во тьме шагаю напрямик..."
e о Борисе Корнилове
a "Пока капкан судьбы не щелкнул..."
e слово про Луговского
517 Другие варианты заглавия 1_
a Другие варианты заглавия Трагедии и судьбы большевистской эпохи
600 Персоналии _1
3 Контрольный № нормативной записи RU\NLR\AUTH\661486837
a Персоналии (Фамилия) Мариенгоф, Анатолий Борисович
f Даты 1897 - 1962
2 Код системы nlr_sh
600 Персоналии _1
3 Контрольный № нормативной записи RU\NLR\AUTH\66624810
a Персоналии (Фамилия) Корнилов, Борис Петрович
f Даты 1907 - 1938
2 Код системы nlr_sh1
600 Персоналии _1
3 Контрольный № нормативной записи RU\NLR\AUTH\66666850
a Персоналии (Фамилия) Луговской, Владимир Александрович
f Даты 1901 - 1957
2 Код системы nlr_sh1
606 Тематические рубрики 0_
a Основная рубрика Русская литература
z Хронологическая подрубрика 20 в.
610 Ключевые слова 0_
a Ключевые слова Мариенгоф А.Б.
610 Ключевые слова 0_
a Ключевые слова Корнилов Б.П.
610 Ключевые слова 0_
a Ключевые слова Луговской В.А.
686 Индексы других классификаций __
a Классификационный индекс 83.3(2=Рус)6-8
2 Код системы rubbk
700 Автор _1
3 Контрольный № нормативной записи RU\NLR\AUTH\7783084
a Фамилия Прилепин
b Имя (инициалы) З.
g Полное личное имя Захар
f Даты 1975-
801 Источник записи _0
a Страна RU
b Организация Пермская ГОУБ
c Дата составления 20151222
g Правила каталогизации rcr
801 Источник записи _1
a Страна RU
b Организация Ульяновская ОНБ
c Дата составления 20160713
g Правила каталогизации rcr
2 Код формата rusmarc
830 Общее примечание каталогизатора __
a Текст примечания 262
901 Тип документа __
t Тип документа m
909 Создатель записи __
a Создатель записи Мейснер
b Дата создания записи 20160923
938 Служебная информация __
a Имя БД books
b Имя библиотеки УОНБ
c Имя АИБС МАРК-SQL
d Номер DOC_ID в БД 325128